000 01003nam a2200253 i 4500
001 178955
003 ES-MaACL
005 20250901080024.0
008 110811s1965 sp |||| | spa d
080 _a621.296.62
080 _a621.38.049
100 1 _aBiblot, Michel.
_9147596
245 1 0 _aEsquemas electrónicos utilizados en recepción /
_cpor Michel Biblot.
260 _aBarcelona :
_bEditores Técnicos Asociados,
_c[1965]
300 _a2 v. ;
_c24 cm.
505 8 _aContiene: I. Circuitos de alimentación. Circuitos B.F. [Traducida del francés por Miguel Angel Delgado Plá] 150 pág.-- II. Detección y circuitos de A.F. Dispositivos especiales. [Traducida del francés por Eduardo Buzzanca Cañellas] 127 pág.
650 4 _aRadios
_916664
650 0 4 _aCircuitos electrónicos.
_911045
700 0 _aDelgado Pla, Miguel Angel.
_943480
700 0 _aBuzzanca Cañellas, Eduardo.
_933000
852 _aES-MaACL
_jC-41919-20
999 _c178955
_d178955